[Event "BL 9192 Sindelfingen-Solingen"]
[Site "?"]
[Date "1992.??.??"]
[Round "?.7"]
[White "Zysk, R."]
[Black "Bialas, W."]
[Result "1/2-1/2"]
[WhiteElo "2390"]
[BlackElo "2340"]
[PlyCount "85"]
[EventDate "1992.??.??"]

1. d4 d5 2. Nf3 c5 3. c4 dxc4 4. d5 e6 5. Nc3 exd5 6. Qxd5 Qxd5 7. Nxd5 Bd6 8.
Nd2 Nc6 9. Nxc4 Bb8 10. g3 Nd4 11. Nce3 Bd7 12. Bd2 Bc6 13. Rc1 Bd6 14. Bg2 Ne7
15. Nc4 Rd8 16. e4 Bb8 17. Nxe7 Kxe7 18. Ne3 Rhe8 19. Rxc5 Kf8 20. f3 a6 21.
Rc1 f5 22. Ba5 Rd7 23. Bb6 f4 24. gxf4 Bxf4 25. Kf2 Bxe3+ 26. Kxe3 Nf5+ 27. Kf4
Nh4 28. Rhg1 Rd3 29. Kg4 Ng6 30. Rgd1 h5+ 31. Kg3 Bxe4 32. Rxd3 Bxd3 33. f4 h4+
34. Kg4 Be4 35. Bxe4 Rxe4 36. Rc8+ Kf7 37. Kg5 Nxf4 38. Rc7+ Ke6 39. Rxg7 Nd5
40. Bf2 Re2 41. Bxh4 Rxb2 42. Bg3 Nf6 43. Kh6 1/2-1/2

[Event "BL 9192 Sindelfingen-Solingen"]
[Site "?"]
[Date "1992.??.??"]
[Round "?.8"]
[White "Werner, Marc"]
[Black "Dueball, J."]
[Result "1-0"]
[WhiteElo "2335"]
[BlackElo "2410"]
[PlyCount "71"]
[EventDate "1992.??.??"]

1. e4 c5 2. Nf3 d6 3. d4 cxd4 4. Nxd4 Nf6 5. Nc3 Nc6 6. Bg5 e6 7. Qd2 a6 8.
O-O-O Bd7 9. f3 Rc8 10. Nxc6 Rxc6 11. g4 h5 12. gxh5 Qa5 13. h6 Rxc3 14. bxc3
Nh5 15. Bc4 gxh6 16. Be3 Be7 17. Qd4 Nf6 18. Bb3 Bc6 19. Kb1 Rg8 20. Rhg1 Rxg1
21. Rxg1 Qh5 22. Qa7 Kf8 23. Bd4 Qxf3 24. e5 Ne4 25. Qb8+ Be8 26. Kb2 dxe5 27.
Qxe5 Bf6 28. Qc7 Bxd4 29. cxd4 Qe3 30. Rd1 Bc6 31. Rd3 Qg5 32. Rf3 Qe7 33. Qb8+
Kg7 34. Qe5+ f6 35. Qxe6 Qxe6 36. Bxe6 1-0

[Event "BL 9192 FTG Frankfurt-Dortmund"]
[Site "?"]
[Date "1992.??.??"]
[Round "?.2"]
[White "Lobron, E."]
[Black "Smagin, S."]
[Result "1-0"]
[WhiteElo "2575"]
[BlackElo "2550"]
[PlyCount "77"]
[EventDate "1992.??.??"]

1. d4 Nf6 2. c4 e6 3. Nf3 d5 4. Nc3 Nbd7 5. Bg5 c6 6. cxd5 exd5 7. e3 Be7 8.
Bd3 O-O 9. Qc2 Re8 10. h3 Nf8 11. O-O g6 12. Rab1 Ne6 13. Bh6 Ng7 14. b4 a6 15.
a4 Bf5 16. Bxg7 Bxd3 17. Qxd3 Kxg7 18. Rfc1 Bd6 19. b5 axb5 20. axb5 Ra3 21.
Qc2 Qa5 22. bxc6 bxc6 23. Rb7 Qa8 24. Rcb1 Rb8 25. Rxb8 Bxb8 26. Qb2 Bd6 27.
Ne5 Qa6 28. g4 Ng8 29. g5 Qc8 30. Ne4 dxe4 31. Nc4 Qxh3 32. d5+ f6 33. Nxd6
Qg4+ 34. Kf1 Ra7 35. dxc6 Qe6 36. Rd1 Ra2 37. Qb7+ Ne7 38. Qd7 Qe5 39. Nc4 1-0

[Event "BL 9192 FTG Frankfurt-Dortmund"]
[Site "?"]
[Date "1992.??.??"]
[Round "?.3"]
[White "Schmittdiel, E."]
[Black "Tischbierek, R."]
[Result "0-1"]
[WhiteElo "2485"]
[BlackElo "2485"]
[PlyCount "134"]
[EventDate "1992.??.??"]

1. e4 e5 2. Nf3 Nc6 3. d4 exd4 4. Nxd4 Bc5 5. Be3 Qf6 6. c3 Nge7 7. Bc4 b6 8.
O-O Bb7 9. b4 Nxd4 10. cxd4 Bxb4 11. a3 Ba5 12. d5 O-O 13. Ra2 c6 14. Bd4 Qg6
15. f4 cxd5 16. f5 Qg5 17. Rf3 dxc4 18. Rg3 Qxg3 19. hxg3 f6 20. Nc3 d5 21. Re2
dxe4 22. Nxe4 Nxf5 23. Bxf6 gxf6 24. Qd7 Bxe4 25. Rxe4 Nh6 26. Rxc4 Rad8 27.
Qxa7 Rf7 28. Qa6 Re7 29. g4 Nf7 30. Qb5 Kg7 31. Rc2 Rd4 32. Re2 Rxe2 33. Qxe2
h6 34. Qe6 Rd6 35. Qe4 Bc3 36. Kh2 Rd1 37. Kg3 Be5+ 38. Kf2 Rd4 39. Qa8 Rxg4
40. a4 Rb4 41. Ke3 Nd6 42. Qa7+ Kg6 43. Qa8 Rb3+ 44. Ke2 Rb2+ 45. Kd3 Rb3+ 46.
Ke2 Kf5 47. Qh8 Ke4 48. Qxh6 Rb2+ 49. Kd1 Nf5 50. Qh7 Kf4 51. Qh2+ Ke3 52. Qh5
Nd4 53. Qh3+ Ke4 54. g3 Ke3 55. g4+ Kf4 56. Qh5 Rg2 57. Qh6+ Kxg4 58. Qg7+ Kh3
59. Qh6+ Kg3 60. Qg7+ Kf2 61. Qh6 Kf3 62. Qh3+ Rg3 63. Qh7 Ke3 64. Kc1 f5 65.
Kb1 f4 66. Qe7 Rg1+ 67. Ka2 Ra1+ 0-1

[Event "BL 9192 FTG Frankfurt-Dortmund"]
[Site "?"]
[Date "1992.??.??"]
[Round "?.4"]
[White "Gutman, L."]
[Black "Mainka, R."]
[Result "0-1"]
[WhiteElo "2465"]
[BlackElo "2455"]
[PlyCount "80"]
[EventDate "1992.??.??"]

1. d4 Nf6 2. Nf3 g6 3. g3 Bg7 4. Bg2 O-O 5. O-O c6 6. c4 d6 7. b3 Qa5 8. h3 e5
9. Bd2 Qc7 10. Nc3 e4 11. Ne1 d5 12. Rc1 Qe7 13. Nc2 Be6 14. Na4 Na6 15. cxd5
cxd5 16. f4 Rac8 17. Kh2 h5 18. e3 Rfd8 19. Rf2 Bf8 20. Bf1 Qd7 21. Nc3 Nc7 22.
a4 Bd6 23. Ne2 Nce8 24. Ng1 Ng7 25. Ne1 Nf5 26. Ng2 Kg7 27. Rxc8 Rxc8 28. Nh4
Nxh4 29. gxh4 Ng8 30. Rg2 Kh7 31. Ne2 Nh6 32. Kh1 Be7 33. Rg1 Bxh4 34. Ng3 Qc7
35. Be2 Qc2 36. Nf1 Qxd1 37. Bxd1 Nf5 38. Kg2 Be7 39. Kf2 Bd7 40. Ke2 Nh4 0-1

[Event "BL 9192 FTG Frankfurt-Dortmund"]
[Site "?"]
[Date "1992.??.??"]
[Round "?.5"]
[White "Keitlinghaus, L."]
[Black "Heyken, E."]
[Result "1/2-1/2"]
[WhiteElo "2440"]
[BlackElo "2420"]
[PlyCount "99"]
[EventDate "1992.??.??"]

1. e4 e6 2. d4 d5 3. exd5 exd5 4. Nf3 Nc6 5. Bb5 Bd6 6. O-O Nge7 7. c4 dxc4 8.
Bxc4 h6 9. h3 O-O 10. Nc3 Ng6 11. Re1 Bf5 12. Be3 a6 13. a3 Re8 14. Rc1 Qd7 15.
Bf1 Nge7 16. Kh1 Bg6 17. g4 Bh7 18. Bg2 Ng6 19. Na4 Nf4 20. Nc5 Bxc5 21. Bxf4
Rxe1+ 22. Qxe1 Re8 23. Qd2 Bd6 24. Ne5 Bxe5 25. dxe5 Qxd2 26. Bxd2 Rxe5 27. Bf4
Re2 28. Kg1 Rxb2 29. Bxc6 bxc6 30. Rxc6 Be4 31. Rxc7 Rb3 32. Be3 Rxa3 33. h4
Bf3 34. g5 Ra4 35. Kh2 h5 36. Kg3 Bd5 37. f3 Ra3 38. Kf4 Ra4+ 39. Kg3 Ra2 40.
g6 fxg6 41. Bd4 Ra3 42. Rxg7+ Kf8 43. Bc5+ Kxg7 44. Bxa3 Kf6 45. Kf4 Bc6 46.
Ke3 Ke5 47. Be7 a5 48. Kd3 Ke6 49. Bg5 Bxf3 50. Kc3 1/2-1/2

[Event "BL 9192 FTG Frankfurt-Dortmund"]
[Site "?"]
[Date "1992.??.??"]
[Round "?.7"]
[White "Buecker, S."]
[Black "Werner, D."]
[Result "1-0"]
[WhiteElo "2365"]
[BlackElo "2385"]
[PlyCount "66"]
[EventDate "1992.??.??"]

1. e4 e6 2. d4 d5 3. exd5 exd5 4. Nf3 Bd6 5. c4 Nf6 6. Nc3 dxc4 7. Bxc4 O-O 8.
O-O Nbd7 9. Bg5 Nb6 10. Bb3 Bg4 11. h3 Bh5 12. Ne4 Be7 13. Ng3 Bg6 14. Re1 Re8
15. Ne5 Nfd5 16. Bxe7 Rxe7 17. h4 f6 18. Nxg6 Rxe1+ 19. Qxe1 hxg6 20. Qe6+ Kf8
21. h5 gxh5 22. Nxh5 c6 23. Qf5 Qd7 24. Qh7 Qf7 25. Nf4 Ke7 26. Re1+ Kd6 27.
Qh2 Kd7 28. Qh3+ Kd6 29. Qg3 Kd7 30. Bxd5 Nxd5 31. Nxd5 cxd5 32. Qh3+ f5 33.
Qb3 Kd6 1-0

[Event "BL 9192 FTG Frankfurt-Dortmund"]
[Site "?"]
[Date "1992.??.??"]
[Round "?.8"]
[White "Degenhardt, H."]
[Black "Stein, B."]
[Result "1/2-1/2"]
[WhiteElo "2305"]
[BlackElo "2355"]
[PlyCount "21"]
[EventDate "1992.??.??"]

1. g3 c5 2. Bg2 g6 3. Nf3 Bg7 4. c3 Nf6 5. O-O O-O 6. d4 cxd4 7. cxd4 d5 8. Nc3
Ne4 9. Nxe4 dxe4 10. Ng5 Qxd4 11. Qxd4 1/2-1/2

[Event "BL 9192 Bielefeld-Koblenz"]
[Site "?"]
[Date "1992.??.??"]
[Round "?.2"]
[White "Gruen, G."]
[Black "Rozentalis, E."]
[Result "1-0"]
[WhiteElo "2375"]
[BlackElo "2585"]
[PlyCount "105"]
[EventDate "1992.??.??"]

1. d4 Nf6 2. Nf3 e6 3. c4 b6 4. g3 Bb7 5. Bg2 Be7 6. O-O O-O 7. Nc3 Ne4 8. Bd2
f5 9. d5 Bf6 10. Rc1 Na6 11. a3 Nac5 12. b4 Nxc3 13. Bxc3 Ne4 14. Bxf6 Qxf6 15.
Qd4 Qe7 16. Rfd1 a5 17. dxe6 dxe6 18. Qd7 Rf7 19. Qxe7 Rxe7 20. Ne5 g5 21. Bxe4
Bxe4 22. f3 Bb7 23. c5 axb4 24. axb4 Ra2 25. Ra1 Rxe2 26. c6 Bc8 27. Rd8+ Kg7
28. Nc4 Rc2 29. Ne3 Rxc6 30. Rxc8 Rc3 31. Kf2 f4 32. gxf4 gxf4 33. Ng4 h5 34.
Ne5 Kf6 35. Re1 Rc2+ 36. Kf1 Rxh2 37. Rf8+ Kg5 38. Re4 c5 39. Rg8+ Kf5 40. Rf8+
Kg5 41. Rg8+ Kf5 42. Nd3 e5 43. bxc5 bxc5 44. Rf8+ Kg5 45. Nxf4 Rd2 46. Rg8+
Kh6 47. Rh8+ Kg7 48. Rxh5 Rd4 49. Ne2 Rd3 50. Kf2 Rf7 51. Re3 e4 52. f4 c4 53.
Rc5 1-0

[Event "BL 9192 Bielefeld-Koblenz"]
[Site "?"]
[Date "1992.??.??"]
[Round "?.3"]
[White "Seul, G."]
[Black "Panzer, P."]
[Result "1/2-1/2"]
[WhiteElo "2415"]
[BlackElo "2355"]
[PlyCount "122"]
[EventDate "1992.??.??"]

1. d4 Nf6 2. Bg5 e6 3. Nd2 h6 4. Bh4 d5 5. e3 Be7 6. Bd3 b6 7. Ngf3 Bb7 8. Ne5
O-O 9. O-O c5 10. c3 Nfd7 11. Bxe7 Qxe7 12. f4 Nxe5 13. fxe5 Ba6 14. Bxa6 Nxa6
15. Qe2 Nc7 16. Rf4 f5 17. exf6 Rxf6 18. Rxf6 Qxf6 19. Qg4 Rf8 20. Rf1 Qe7 21.
Rxf8+ Kxf8 22. Nf3 Kg8 23. Qf4 cxd4 24. exd4 a6 25. h3 a5 26. a4 Na6 27. Ne5
Qe8 28. Nf3 Qb8 29. Qg4 Qd6 30. Ne5 Nb8 31. Qg6 Qe7 32. b3 Na6 33. Ng4 Kh8 34.
Ne5 Kg8 35. Qg3 Qd6 36. Qd3 Nc7 37. Qg6 Qe7 38. Qg3 Ne8 39. Ng4 Kf8 40. Qf4+
Qf7 41. Qg3 Qc7 42. Ne5 Kg8 43. Qg4 Qd6 44. Qh5 Qe7 45. Qe2 Nc7 46. Qf1 Kh7 47.
Qb1+ Kg8 48. b4 Ne8 49. bxa5 bxa5 50. Qb5 Nf6 51. Qxa5 Qa3 52. Qa6 Qc1+ 53. Kh2
Qf4+ 54. Kg1 Qe3+ 55. Kf1 Ne4 56. Qxe6+ Kh7 57. Qf5+ Kg8 58. Qe6+ Kh7 59. Qf5+
Kg8 60. Qe6+ Kh7 61. Qg6+ Kg8 1/2-1/2

[Event "BL 9192 Bielefeld-Koblenz"]
[Site "?"]
[Date "1992.??.??"]
[Round "?.4"]
[White "Kassebaum, R."]
[Black "Doncevic, D."]
[Result "1-0"]
[WhiteElo "2410"]
[BlackElo "2355"]
[PlyCount "93"]
[EventDate "1992.??.??"]

1. e4 c5 2. Nf3 d6 3. c3 Nf6 4. Be2 g6 5. O-O Bg7 6. Re1 O-O 7. Bf1 Bg4 8. h3
Bxf3 9. Qxf3 Nc6 10. Qd1 Bh6 11. Na3 e5 12. Nc2 d5 13. exd5 Qxd5 14. Ne3 Qd7
15. d3 Bg7 16. a4 Rad8 17. Qb3 Na5 18. Qb5 b6 19. Nc4 Nxc4 20. Qxc4 Nd5 21. a5
Qd6 22. g3 Nc7 23. Be3 Nd5 24. Bd2 Nc7 25. Be3 Nd5 26. Bg5 Rd7 27. axb6 axb6
28. Bg2 Nc7 29. Ra7 Ne6 30. Rxd7 Qxd7 31. Be3 Rd8 32. Rd1 b5 33. Qe4 f5 34. Qc6
e4 35. Qxd7 Rxd7 36. Bf1 b4 37. d4 bxc3 38. bxc3 cxd4 39. Bc4 Kf7 40. cxd4 Rc7
41. Bf1 Rc3 42. d5 Nc5 43. Ra1 Be5 44. Ra7+ Kf6 45. Bh6 Bb8 46. Bg7+ Kg5 47.
Be2 1-0

[Event "BL 9192 Bielefeld-Koblenz"]
[Site "?"]
[Date "1992.??.??"]
[Round "?.5"]
[White "Fritsche, L."]
[Black "Geveke, M."]
[Result "1-0"]
[WhiteElo "2395"]
[BlackElo "2330"]
[PlyCount "99"]
[EventDate "1992.??.??"]

1. g3 c5 2. Bg2 g6 3. e4 Bg7 4. Nc3 Nc6 5. d3 d6 6. Be3 e6 7. Qd2 Nge7 8. Bh6
O-O 9. h4 Bxh6 10. Qxh6 f6 11. Qd2 Kh8 12. f4 Rg8 13. g4 e5 14. g5 Rf8 15.
O-O-O fxg5 16. fxe5 g4 17. exd6 Qxd6 18. Nge2 Qe5 19. Rhf1 Be6 20. Nf4 Nd4 21.
Nce2 Nec6 22. c3 Nxe2+ 23. Nxe2 Bxa2 24. Nf4 Bb3 25. Rde1 Kg7 26. Nd5 h5 27.
Ne3 Kh7 28. Nd5 Rad8 29. Qg5 Qxg5+ 30. hxg5 Kg7 31. Rf6 Ne5 32. Kd2 Nf3+ 33.
Bxf3 gxf3 34. Rxf8 Rxf8 35. Nf6 Rd8 36. Rf1 Be6 37. Rxf3 b5 38. Ke3 a5 39. d4
cxd4+ 40. cxd4 b4 41. d5 Bf7 42. Kd4 a4 43. Kc4 Rb8 44. Rf1 b3 45. e5 a3 46.
bxa3 b2 47. Rb1 h4 48. e6 Bg8 49. Kc3 h3 50. e7 1-0

[Event "BL 9192 Bielefeld-Koblenz"]
[Site "?"]
[Date "1992.??.??"]
[Round "?.6"]
[White "Stertenbrink, G."]
[Black "Weidemann, J."]
[Result "0-1"]
[WhiteElo "2290"]
[BlackElo "2305"]
[PlyCount "163"]
[EventDate "1992.??.??"]

1. e4 d6 2. d4 Nf6 3. f3 e5 4. dxe5 dxe5 5. Qxd8+ Kxd8 6. Bc4 Ke8 7. Be3 Nbd7
8. Nc3 c6 9. Nge2 Bc5 10. Bd2 b5 11. Bd3 Nf8 12. a4 b4 13. Nd1 Rb8 14. Bc4 Be6
15. Be3 N6d7 16. Bxe6 Nxe6 17. b3 Bd4 18. Bxd4 exd4 19. Nb2 Ke7 20. Rd1 c5 21.
Nc1 g5 22. Ncd3 f6 23. O-O Ne5 24. g3 Rhg8 25. h3 h5 26. Kh2 h4 27. g4 Rbc8 28.
Rf2 Rgd8 29. Rdf1 Nf4 30. Nxe5 fxe5 31. Rd1 Ke6 32. Rfd2 Rf8 33. Rf2 Rc7 34.
Rdd2 Ng6 35. Rd1 Ne7 36. Rd3 Nc8 37. Nc4 Nd6 38. Kg2 Nxc4 39. bxc4 Rc6 40. Rf1
Ra6 41. Ra1 Ra5 42. Ra2 Rb8 43. Rb3 Rb6 44. Rb1 Rd6 45. Rd1 Kd7 46. Kf2 Kc7 47.
Ke2 Rf6 48. Rb1 Kc8 49. Rd1 Rb6 50. Rb1 Rba6 51. Rba1 Kd7 52. Kd3 Rf6 53. Ke2
Rf4 54. Rd1 Kc7 55. Rb1 Rf7 56. Rd1 Kb6 57. Rd3 Ra6 58. Ra1 Ka5 59. Rad1 Raf6
60. Rf1 Rb7 61. Rb1 Rb8 62. Rdb3 Rd8 63. Rd3 Ra6 64. Ra1 Rb8 65. Rb3 Rd6 66.
Rd1 Rbd8 67. Rbd3 Rb6 68. Rb3 d3+ 69. Rbxd3 Rd4 70. Rxd4 cxd4 71. Rb1 Rc6 72.
Kd3 Rf6 73. Ke2 d3+ 74. cxd3 Kxa4 75. d4 exd4 76. e5 Rc6 77. Kd3 b3 78. Ra1+
Kb4 79. Rxa7 Rb6 80. Ra1 b2 81. Rb1 Kc5 82. Kc2 0-1

[Event "BL 9192 Bielefeld-Koblenz"]
[Site "?"]
[Date "1992.??.??"]
[Round "?.8"]
[White "Meier, V."]
[Black "Reschke, S."]
[Result "1-0"]
[WhiteElo "2295"]
[BlackElo "2325"]
[PlyCount "101"]
[EventDate "1992.??.??"]

1. e4 c5 2. Nf3 d6 3. d4 cxd4 4. Qxd4 a6 5. Bg5 Nc6 6. Qd2 g6 7. Bd3 Bg7 8. c3
Bg4 9. Na3 Bxf3 10. gxf3 Nf6 11. O-O-O b5 12. Kb1 h6 13. Be3 Rb8 14. Nc2 Nd7
15. f4 Qc7 16. h4 h5 17. Nb4 Qb7 18. Bc2 Na5 19. Bd4 Nc4 20. Qe2 e5 21. Be3
exf4 22. Bxf4 Nde5 23. Bc1 a5 24. Nd5 O-O 25. f4 Ng4 26. e5 Rfe8 27. Be4 Qa7
28. Rhf1 Qc5 29. Rd3 b4 30. cxb4 axb4 31. Qg2 Rb5 32. exd6 Nxd6 33. Bf3 f5 34.
Qc2 Qxc2+ 35. Kxc2 Nh2 36. Rfd1 Ne4 37. Bxe4 fxe4 38. Rg3 Kh7 39. f5 gxf5 40.
Rg5 Re5 41. Rxh5+ Kg8 42. Nf4 Nf3 43. Be3 Re8 44. Kb3 Bf8 45. Rd7 Bg7 46. Ng6
f4 47. Rxb5 fxe3 48. Rbb7 Bf6 49. h5 e2 50. h6 Ng5 51. Rg7+ 1-0

[Event "BL 9192 Bochum-Porz"]
[Site "?"]
[Date "1992.??.??"]
[Round "?.2"]
[White "Glek, I."]
[Black "Lutz, C."]
[Result "1-0"]
[WhiteElo "2515"]
[BlackElo "2540"]
[PlyCount "61"]
[EventDate "1992.??.??"]

1. e4 c5 2. Nf3 d6 3. d4 cxd4 4. Nxd4 Nf6 5. Nc3 a6 6. Be3 e5 7. Nb3 Be6 8. f4
Ng4 9. Bd2 exf4 10. Bxf4 Nc6 11. Qd2 Be7 12. O-O-O h6 13. h3 Nge5 14. Kb1 O-O
15. Be2 a5 16. Nd4 Nxd4 17. Qxd4 a4 18. Nb5 Nc6 19. Qd2 a3 20. b3 Bg5 21. Bxg5
hxg5 22. Rhf1 Ra5 23. Nxd6 Qe7 24. Bb5 Rfa8 25. Qc3 Nd8 26. Ne8 f6 27. Nc7 R8a7
28. Rxd8+ Qxd8 29. Nxe6 Qe7 30. Bc4 Kh7 31. Qf3 1-0

[Event "BL 9192 Bochum-Porz"]
[Site "?"]
[Date "1992.??.??"]
[Round "?.3"]
[White "Hort, V."]
[Black "Schulz, KJ."]
[Result "1-0"]
[WhiteElo "2560"]
[BlackElo "2400"]
[PlyCount "61"]
[EventDate "1992.??.??"]

1. d4 d5 2. c4 dxc4 3. e4 e5 4. Nf3 exd4 5. Bxc4 Bb4+ 6. Bd2 Bxd2+ 7. Nbxd2 Nc6
8. O-O Qf6 9. Re1 Nge7 10. e5 Qg6 11. Re4 O-O 12. a3 Be6 13. Bd3 f5 14. exf6
Qxf6 15. Qc2 Bd5 16. Rae1 Ng6 17. Bc4 Bxc4 18. Qxc4+ Kh8 19. b4 a6 20. a4 b5
21. axb5 axb5 22. Qxb5 Rab8 23. Qc5 Nxb4 24. Rxd4 Nf4 25. Rxb4 Nd3 26. Rxb8
Nxc5 27. Ree8 Nd7 28. Rxf8+ Nxf8 29. Ne5 h5 30. Rxf8+ Kh7 31. Rxf6 1-0

[Event "BL 9192 Bochum-Porz"]
[Site "?"]
[Date "1992.??.??"]
[Round "?.6"]
[White "Beckemeyer, W."]
[Black "Knaak, R."]
[Result "1/2-1/2"]
[WhiteElo "2400"]
[BlackElo "2505"]
[PlyCount "133"]
[EventDate "1992.??.??"]

1. e4 e6 2. d4 d5 3. Nd2 Nf6 4. exd5 exd5 5. Ngf3 Bf5 6. Be2 Bd6 7. O-O Nbd7 8.
Re1 O-O 9. Nf1 Ne4 10. Ng3 Bg6 11. Bd3 Re8 12. Be3 c6 13. c3 Nf8 14. Qc2 f5 15.
Ne5 Bxe5 16. dxe5 Rxe5 17. Bf4 Re8 18. f3 Ne6 19. Be3 Nxg3 20. hxg3 Qf6 21. Re2
c5 22. Qd2 Red8 23. Rae1 c4 24. Bf2 Bf7 25. Bc2 d4 26. Rxe6 Bxe6 27. Bxd4 Qf7
28. Re5 Rd5 29. Rxd5 Bxd5 30. Qf4 Be6 31. Qe5 b6 32. a4 h6 33. g4 fxg4 34. Qe4
Rd8 35. f4 g6 36. Qxg6+ Qxg6 37. Bxg6 Rf8 38. Be5 Bf5 39. Bh5 Rd8 40. Bd4 Kf8
41. Kf2 Ke7 42. Kg3 Ke6 43. Kh4 Kd5 44. Bf7+ Ke4 45. Bxc4 Kxf4 46. b4 Be4 47.
g3+ Kf5 48. Kh5 Rd6 49. Bg8 Bf3 50. Bh7+ Ke6 51. Kxh6 Kd5+ 52. Kg5 Kc4 53. Bf5
Kb3 54. a5 bxa5 55. bxa5 Ra6 56. Kf4 Rxa5 57. Be6+ Kc2 58. Bxg4 Bxg4 59. Kxg4
Kd3 60. Kf4 Ra2 61. g4 a5 62. Kf5 Kc4 63. g5 a4 64. g6 a3 65. Be3 Rg2 66. Bg5
Rf2+ 67. Bf4 1/2-1/2

[Event "BL 9192 Bochum-Porz"]
[Site "?"]
[Date "1992.??.??"]
[Round "?.8"]
[White "Illner, A."]
[Black "Schoen, W."]
[Result "0-1"]
[WhiteElo "2350"]
[BlackElo "2370"]
[PlyCount "40"]
[EventDate "1992.??.??"]

1. d4 Nf6 2. Nf3 g6 3. c4 Bg7 4. Nc3 d5 5. Bg5 Ne4 6. cxd5 Nxg5 7. Nxg5 e6 8.
Qd2 exd5 9. Qe3+ Kf8 10. Qf4 Bf6 11. h4 h6 12. Nf3 Be6 13. Ne5 c5 14. dxc5 Kg7
15. O-O-O Qa5 16. e3 Nc6 17. Nd3 Bxc3 18. bxc3 Qxa2 19. g4 d4 20. Nb4 Qa1+ 0-1

[Event "BL 9192 Koblenz-Bochum"]
[Site "?"]
[Date "1992.??.??"]
[Round "?.2"]
[White "Rozentalis, E."]
[Black "Glek, I."]
[Result "1-0"]
[WhiteElo "2585"]
[BlackElo "2515"]
[PlyCount "70"]
[EventDate "1992.??.??"]

1. e4 e6 2. d4 d5 3. Nd2 c5 4. exd5 Qxd5 5. Ngf3 cxd4 6. Bc4 Qd6 7. O-O Nf6 8.
Nb3 Nc6 9. Nbxd4 Nxd4 10. Nxd4 Bd7 11. c3 Qc7 12. Qe2 Be7 13. Bg5 O-O 14. Rad1
Rfe8 15. Bh4 Nd5 16. Bxe7 Nxe7 17. Rd2 Ng6 18. Rfd1 Nf4 19. Qf1 Rad8 20. Bb5
Qb6 21. a4 e5 22. Nf3 Bxb5 23. Qxb5 Qxb5 24. axb5 Rxd2 25. Rxd2 e4 26. Ne5 f5
27. Nc4 Nd3 28. Kf1 Re6 29. f3 a6 30. b6 Rc6 31. b3 Kf8 32. Ra2 Nc5 33. Ra5 Ke7
34. Ne5 Rc8 35. b4 Ne6 1-0

[Event "BL 9192 Koblenz-Bochum"]
[Site "?"]
[Date "1992.??.??"]
[Round "?.3"]
[White "Schulz, KJ."]
[Black "Seul, G."]
[Result "1-0"]
[WhiteElo "2400"]
[BlackElo "2415"]
[PlyCount "61"]
[EventDate "1992.??.??"]

1. e4 d6 2. d4 g6 3. Nc3 Bg7 4. Nge2 Nf6 5. g3 O-O 6. Bg2 e5 7. h3 c6 8. a4 Na6
9. O-O exd4 10. Nxd4 Nb4 11. a5 Re8 12. Kh2 Bd7 13. Bf4 d5 14. exd5 Nfxd5 15.
Nxd5 Nxd5 16. Bc1 Qf6 17. c3 Rad8 18. Qb3 Bc8 19. a6 b6 20. Nxc6 Qxc6 21. c4
Qc5 22. cxd5 Re2 23. Be3 Qe7 24. Ra2 Qf6 25. Qc4 Rxb2 26. Rxb2 Qxb2 27. Qc7 Qf6
28. Qxa7 b5 29. Bb6 Re8 30. Qb8 Qe5 31. a7 1-0

[Event "BL 9192 Koblenz-Bochum"]
[Site "?"]
[Date "1992.??.??"]
[Round "?.4"]
[White "Doncevic, D."]
[Black "Backwinkel, P."]
[Result "1-0"]
[WhiteElo "2355"]
[BlackElo "2400"]
[PlyCount "123"]
[EventDate "1992.??.??"]

1. e4 c5 2. Nf3 e6 3. c3 d5 4. exd5 exd5 5. d4 Nc6 6. Be3 c4 7. b3 cxb3 8. axb3
Nf6 9. Bd3 Bg4 10. O-O Be7 11. Nbd2 O-O 12. Qb1 Qc7 13. Re1 Rfe8 14. Bg5 h6 15.
Bh4 a6 16. Bf5 Bxf5 17. Qxf5 Qc8 18. Qd3 Nh5 19. Bxe7 Nf4 20. Qf1 Rxe7 21. Rxe7
Nxe7 22. g3 Nh3+ 23. Kg2 Ng6 24. Re1 f6 25. Re3 Qg4 26. Ng1 Ng5 27. h3 Qd7 28.
h4 Nf7 29. Qe2 Kf8 30. Nh3 Re8 31. h5 Rxe3 32. Qxe3 Ne7 33. Nf4 Ng5 34. Nf3 Nf5
35. Ng6+ Kg8 36. Qd3 Nd6 37. Nf4 Nde4 38. c4 dxc4 39. bxc4 Nxf3 40. Kxf3 Ng5+
41. Kg2 Ne6 42. Nxe6 Qxe6 43. d5 Qd6 44. Qf5 Qe7 45. Qc8+ Kh7 46. Qf5+ Kg8 47.
Qc8+ Kh7 48. Kf3 Qa3+ 49. Kg4 Qb3 50. Qf5+ Kh8 51. Qc8+ Kh7 52. Qf5+ Kh8 53.
Qe4 Qd1+ 54. f3 Qc1 55. Kf5 Qg5+ 56. Ke6 Qxh5 57. Kd7 Qh3+ 58. g4 f5 59. Qxf5
Qf1 60. Qe4 Qa1 61. d6 Qf6 62. Kc7 1-0

[Event "BL 9192 Koblenz-Bochum"]
[Site "?"]
[Date "1992.??.??"]
[Round "?.6"]
[White "Weidemann, J."]
[Black "Beckemeyer, W."]
[Result "1-0"]
[WhiteElo "2305"]
[BlackElo "2400"]
[PlyCount "82"]
[EventDate "1992.??.??"]

1. e4 e5 2. Nc3 d6 3. g3 f5 4. Bc4 Nf6 5. d3 Nc6 6. Bg5 Be7 7. a3 Nd4 8. Nf3 c6
9. Nh4 d5 10. exd5 cxd5 11. Bxf6 Bxf6 12. Bxd5 Bxh4 13. gxh4 Qxh4 14. Rg1 Qxh2
15. Rh1 Qf4 16. Ne2 Nxe2 17. Qxe2 Bd7 18. Bxb7 Rb8 19. Bd5 Rxb2 20. Bb3 a5 21.
Qe3 Qxe3+ 22. fxe3 a4 23. O-O-O Rxb3 24. cxb3 axb3 25. d4 exd4 26. exd4 Kf7 27.
d5 h5 28. Rhe1 h4 29. d6 Kf6 30. Re7 Rd8 31. Rd3 Be6 32. a4 f4 33. a5 h3 34.
Rd2 Rc8+ 35. Kb2 Rc2+ 36. Rxc2 bxc2 37. Re8 f3 38. Rf8+ Ke5 39. Rxf3 g5 40. a6
g4 41. a7 Bd5 1-0

[Event "BL 9192 Koblenz-Bochum"]
[Site "?"]
[Date "1992.??.??"]
[Round "?.7"]
[White "Von Gleich, A."]
[Black "Reschke, S."]
[Result "1/2-1/2"]
[WhiteElo "2325"]
[BlackElo "2325"]
[PlyCount "73"]
[EventDate "1992.??.??"]

1. Nf3 Nf6 2. c4 g6 3. Nc3 Bg7 4. e4 d6 5. d4 O-O 6. Be2 e5 7. O-O Na6 8. Re1
c6 9. Bf1 Bg4 10. d5 Nb4 11. Be2 a5 12. Bg5 h6 13. Bh4 Qc7 14. Rc1 Nh5 15. a3
Na6 16. Nb5 cxb5 17. cxb5 Nc5 18. b4 axb4 19. axb4 b6 20. bxc5 bxc5 21. Nd2
Bxe2 22. Rxe2 Bf6 23. Bxf6 Nxf6 24. Nc4 Nd7 25. Qd2 Kg7 26. f4 f6 27. Rf2 exf4
28. Rxf4 Ne5 29. Nxe5 fxe5 30. Rxf8 Rxf8 31. Qa2 Rb8 32. Qa6 Rb6 33. Qa5 Qb8
34. Rb1 h5 35. h3 Qc7 36. Rf1 Qb8 37. Rb1 1/2-1/2

[Event "BL 9192 Porz-Bielefeld"]
[Site "?"]
[Date "1992.??.??"]
[Round "?.1"]
[White "Piskov, Y."]
[Black "Christiansen, L."]
[Result "0-1"]
[WhiteElo "2500"]
[BlackElo "2595"]
[PlyCount "92"]
[EventDate "1992.??.??"]

1. c4 e5 2. Nc3 Nf6 3. Nf3 Nc6 4. e3 Bb4 5. Nd5 e4 6. Ng1 O-O 7. Qc2 Re8 8. Ne2
Bd6 9. a3 b5 10. Nxf6+ Qxf6 11. c5 Be5 12. Ng3 Rb8 13. Be2 Bb7 14. O-O Qh4 15.
d4 exd3 16. Qxd3 Re6 17. f4 Rh6 18. Nh5 Bf6 19. Qd1 Ne7 20. Rf2 Nf5 21. g3 Nxg3
22. Nxf6+ Rxf6 23. Bf3 Ne4 24. Rg2 Nxc5 25. Bxb7 Nxb7 26. Bd2 Rg6 27. Qf3 Nd6
28. e4 Re8 29. Re1 Nc4 30. Bc3 d5 31. Ree2 dxe4 32. Rxe4 Rxe4 33. Qxe4 Qd8 34.
h4 Rxg2+ 35. Qxg2 f6 36. Qe4 Qd7 37. Kf2 c6 38. h5 h6 39. a4 a6 40. axb5 axb5
41. b3 Nd6 42. Qd4 Qe6 43. Bb4 Ne4+ 44. Kf3 f5 45. Bc3 Qf7 46. Ke3 c5 0-1

[Event "BL 9192 Porz-Bielefeld"]
[Site "?"]
[Date "1992.??.??"]
[Round "?.2"]
[White "Lutz, C."]
[Black "Gruen, G."]
[Result "1-0"]
[WhiteElo "2540"]
[BlackElo "2375"]
[PlyCount "83"]
[EventDate "1992.??.??"]

1. d4 Nf6 2. c4 e6 3. Nf3 Bb4+ 4. Bd2 c5 5. Bxb4 cxb4 6. g3 b6 7. Bg2 Bb7 8.
O-O O-O 9. Qb3 a5 10. a3 Na6 11. Rc1 d6 12. Nbd2 e5 13. Nf1 Re8 14. Rd1 e4 15.
N3d2 Qd7 16. axb4 Nxb4 17. Ne3 h5 18. h4 Ng4 19. Bh3 Kh8 20. Ndf1 f5 21. d5 Rf8
22. Ng2 Qf7 23. Nf4 Bc8 24. Ne3 Bd7 25. Bxg4 hxg4 26. Nc2 Nxc2 27. Qxc2 Qf6 28.
Qb3 Rab8 29. Qa3 Rfc8 30. Rac1 Kh7 31. b4 axb4 32. Qxb4 e3 33. fxe3 Qe5 34. Kf2
b5 35. cxb5 Rxc1 36. Rxc1 Rxb5 37. Qd4 Qxd4 38. exd4 Rb7 39. Ra1 Bb5 40. Ra8 g6
41. Rf8 Kg7 42. Ne6+ 1-0

[Event "BL 9192 Porz-Bielefeld"]
[Site "?"]
[Date "1992.??.??"]
[Round "?.3"]
[White "Panzer, P."]
[Black "Hort, V."]
[Result "0-1"]
[WhiteElo "2355"]
[BlackElo "2560"]
[PlyCount "72"]
[EventDate "1992.??.??"]

1. Nf3 c5 2. c4 Nc6 3. Nc3 e5 4. g3 g6 5. Bg2 Bg7 6. O-O Nge7 7. Ne1 f5 8. d3
O-O 9. Rb1 d6 10. Bd2 f4 11. Ne4 Bg4 12. h3 Be6 13. e3 fxg3 14. fxg3 Rxf1+ 15.
Bxf1 h6 16. Bg2 b6 17. a3 Qd7 18. Kh2 Rf8 19. b4 cxb4 20. axb4 d5 21. cxd5 Bxd5
22. b5 Nd8 23. Qe2 Ne6 24. Bb4 Rf7 25. Rb2 Nc7 26. Nd6 Bxg2 27. Qxg2 Rf6 28.
Qb7 Rxd6 29. Bxd6 Qxd6 30. Qxa7 e4 31. Qb8+ Kh7 32. Rg2 Nf5 33. dxe4 Nxg3 34.
Nf3 Nxe4+ 35. Kh1 Ng3+ 36. Kh2 Nf5+ 0-1